000 00535nam a2200193Ia 4500
005 20250326142621.0
008 250326s9999 xx 000 0 und d
020 _a0-13-013475-9
037 _aTextbook
040 _aFMSL
_beng
_cFMSL
041 _aeng
_2eng
084 _aX:89T N3
_qFMSL
100 _aMayers F E
_9746322
245 0 _aPlant layout and material handling
_cMayers F E
260 _aEnglewood
_bEnglewood, Prentice-Hall
_c1993
300 _a340p
942 _cTB
_hX:89T N3
999 _c1295852
_d1295852